Datum a čas kvízu
26.5
Celkem bodů
Celkový počet nahraných bodů na tomto kvízu bez doplňovacích otázek.
17.
Pořadí na kvízu
Konečné umístění týmu na tomto kvízu.
Zaznamenané odpovědi
| # | Otázka | Odpověď | Body | Výsledky |
|---|---|---|---|---|
| 1. | Prodej chytrých telefonů v Čes... | Xiaomi | 0 | |
| 2. | V minulém týdnu oznámil doprav... | Bratislava, Lublaň | 1 | |
| 3. | V noci z neděle na pondělí se... | Šumvald | 1 | |
| 4. | Před několika dny si svou prem... | Můj otec Antonín Kratochvíl | 0 | |
| 5. | Minulý týden zveřejnilo vedení... | Pojedou se na stejném okruhu jako jiný závod. | 1 | |
| 6. | Ať už si o nich myslíme cokoli... | Langley | 1 | |
| 7. | Vystupovala jako orientální ta... | Nizozemsko | 0 | |
| 8. | Tajné služby můžeme dělit dle... | Úřad pro zahraniční styky a informace | 0 | |
| 9. | Jedním z nejobvyklejších nástr... | CCTV, closed-circuit television / uzavřený televizní okruh | 1 | |
| 10. | James Bond, Ethan Hunt, agenti... | Konec agenta W4C prostřednictvím psa pana Foustky | 0 |